| 000 | 00758nam a22002057a 4500 | ||
|---|---|---|---|
| 999 |
_c20131 _d20131 |
||
| 003 | AR-CdUCM | ||
| 008 | 190527b ||||| |||| 00| 0 spa d | ||
| 040 |
_aMUNICIPALIDAD PROVINCIAL DEL CUSCO _cBIBLIOTECA MUNICIPAL DEL CUSCO |
||
| 082 |
_a349.1 / _bK84 |
||
| 100 |
_aKruger, Pablo _942104 |
||
| 245 | _aHistorias fuentes y literatura del derecho Romano / | ||
| 260 |
_aMéxico : _bNacional, _c1967. |
||
| 300 |
_a365 páginas ; _c20 cm. |
||
| 505 | _aContenido : El derecho Romano en Oriente antes de Justiniano -- La legislación de Justiniano en los años 529- 534 -- El digesto de Justiniano... | ||
| 650 |
_aDerecho _9739 |
||
| 650 |
_aDerecho Justiniano _942105 |
||
| 650 |
_aLiteratura no jurídica _942106 |
||
| 942 |
_2ddc _cLIBROS |
||
| 945 | _arcc | ||